[Event "BCF-chT3E 2223 (4NCL)"]
[Site "England"]
[Date "2023.01.08"]
[Round "4.24"]
[White "White, Nigel"]
[Black "Faulks, Nick"]
[Result "0-1"]
[WhiteElo "2097"]
[BlackElo "1802"]
[PlyCount "102"]
[EventDate "2022.11.05"]
[EventType "team-tourn"]
[EventRounds "11"]
[EventCountry "ENG"]
[SourceTitle "EXT 2024"]
[Source "ChessBase"]
[SourceDate "2023.10.10"]
[SourceVersion "1"]
[SourceVersionDate "2023.10.10"]
[SourceQuality "1"]
[WhiteTeam "Guildford Castles"]
[BlackTeam "Surbiton"]
[WhiteTeamCountry "ENG"]
[BlackTeamCountry "ENG"]

1. e4 c5 2. Nf3 e6 3. d4 cxd4 4. Nxd4 a6 5. Nc3 Qc7 6. g3 Bb4 7. Nde2 Nf6 8. Bg2 Be7 9. 0-0 Nc6 10. Bf4 d6 11. Qd2 0-0 12. Rad1 Rd8 13. a4 Rb8 14. h3 Ne5 15. g4 Nc4 16. Qc1 b5 17. axb5 axb5 18. b3 b4 19. Na4 e5 20. Bg5 Bd7 21. Nb2 Na3 22. Qd2 Qxc2 23. Qxc2 Nxc2 24. Bxf6 gxf6 25. Rc1 Rdc8 26. Rfd1 Be6 27. Nc4 Bxc4 28. Rxc2 Bxb3 29. Rxc8+ Rxc8 30. Rb1 Bc4 31. Bf1 d5 32. exd5 Bxd5 33. Ng3 b3 34. Nf5 Ba3 35. Ne3 Be6 36. Bd3 Rc3 37. Be4 Rc1+ 38. Rxc1 Bxc1 39. Kf1 Bxe3 40. fxe3 h6 41. Kg2 Kf8 42. Bb1 Ke7 43. Kg3 Bd5 44. e4 Bc4 45. Kf2 Kd6 46. Ke3 Kc5 47. h4 Kb4 48. Kd2 Bf1 49. Ke1 Bh3 50. Kd2 Bxg4 51. Bd3 Be6 0-1

[Event "Hastings Masters op"]
[Site "Hastings"]
[Date "2023.01.06"]
[Round "10"]
[White "Faulks, Nick"]
[Black "Li, Ethan2222"]
[Result "1-0"]
[WhiteElo "1802"]
[BlackElo "1889"]
[PlyCount "125"]
[EventDate "2022.12.28"]
[EventType "swiss"]
[EventRounds "10"]
[EventCountry "ENG"]
[SourceTitle "CBM 212 Extra"]
[Source "ChessBase"]
[SourceDate "2023.03.31"]
[SourceVersion "1"]
[SourceVersionDate "2023.03.31"]
[SourceQuality "1"]

1. e4 c5 2. Nf3 Nc6 3. d4 cxd4 4. Nxd4 Qc7 5. Nb5 Qb8 6. Bd3 e6 7. Be3 a6 8. N5c3 Nge7 9. 0-0 Ng6 10. f4 b5 11. Nd2 Be7 12. e5 d6 13. exd6 Bxd6 14. Nce4 Bxf4 15. Bxf4 Nxf4 16. Qf3 e5 17. Nf6+ gxf6 18. Qxc6+ Ke7 19. Ne4 Kf8 20. Qxf6 Rg8 21. Ng5 Qa7+ 22. Kh1 Qc7 23. Rxf4 exf4 24. Nxh7+ Ke8 25. Re1+ Be6 26. Rxe6+ fxe6 27. Qxe6+ Qe7 28. Qxg8+ Kd7 29. Qg4+ Kc6 30. Qf3+ Kb6 31. h3 Rg8 32. Qxf4 Ka5 33. a3 Qe1+ 34. Kh2 Re8 35. Qb4+ Qxb4 36. axb4+ Kxb4 37. Ng5 a5 38. Nf3 Kc5 39. Nd2 a4 40. Ne4+ Kd4 41. Nd6 b4 42. h4 Re5 43. Nc4 Rc5 44. Nd2 b3 45. Nf3+ Ke3 46. cxb3 axb3 47. Bg6 Rc2 48. Ne5 Kd4 49. Nd3 Rc6 50. h5 Rb6 51. Kh3 Kd5 52. Kh4 Ke6 53. g4 Kf6 54. g5+ Kg7 55. Kg4 Ra6 56. Be4 Ra4 57. Kf5 Ra5+ 58. Kf4 Ra4 59. h6+ Kh8 60. g6 Ra6 61. Ne5 Rf6+ 62. Kg5 Rf2 63. g7+ 1-0

[Event "Hastings Masters op"]
[Site "Hastings"]
[Date "2022.12.31"]
[Round "4"]
[White "Faulks, Nick"]
[Black "Westcott, Dale"]
[Result "1/2-1/2"]
[WhiteElo "1802"]
[BlackElo "1610"]
[PlyCount "105"]
[EventDate "2022.12.28"]
[EventType "swiss"]
[EventRounds "10"]
[EventCountry "ENG"]
[SourceTitle "CBM 212 Extra"]
[Source "ChessBase"]
[SourceDate "2023.03.31"]
[SourceVersion "1"]
[SourceVersionDate "2023.03.31"]
[SourceQuality "1"]

1. c4 c6 2. e4 d5 3. exd5 cxd5 4. cxd5 Nf6 5. Qa4+ Bd7 6. Qb3 Qb6 7. Nc3 g6 8. Nf3 Bg7 9. Bc4 0-0 10. 0-0 Bg4 11. Ne5 Bf5 12. Qxb6 axb6 13. d4 Nbd7 14. Bf4 Nxe5 15. Bxe5 Ne4 16. Bxg7 Kxg7 17. Nxe4 Bxe4 18. Rfe1 Rfc8 19. b3 b5 20. Bxb5 Bxd5 21. Rxe7 Bxb3 22. f3 Bxa2 23. Rxb7 Bd5 24. Rxa8 Bxb7 25. Rxc8 Bxc8 26. Kf2 Kf6 27. Ke3 Bb7 28. Bc4 h6 29. Kf4 Bc6 30. d5 Bd7 31. Ke4 Ke7 32. Ba6 Kd6 33. Bb7 Bf5+ 34. Kd4 Bd7 35. Bc6 Bf5 36. g4 Bb1 37. h4 f6 38. Be8 g5 39. hxg5 hxg5 40. Bf7 Bc2 41. Be6 Bb1 42. Bf5 Ba2 43. Be4 Bb3 44. Ke3 Bxd5 45. Bf5 Ke5 46. Bg6 Be6 47. Bc2 f5 48. gxf5 Bxf5 49. Bb3 Bd7 50. Bc2 Bc6 51. Bb3 Bxf3 52. Kxf3 g4+ 53. Kxg4 1/2-1/2

[Event "BCF-chT3E 2223 (4NCL)"]
[Site "England"]
[Date "2022.11.06"]
[Round "2.63"]
[White "Faulks, Nick"]
[Black "Walker, Martin Graham"]
[Result "0-1"]
[WhiteElo "1802"]
[BlackElo "2199"]
[PlyCount "56"]
[EventDate "2022.11.05"]
[EventType "team-tourn"]
[EventRounds "11"]
[EventCountry "ENG"]
[SourceTitle "EXT 2024"]
[Source "ChessBase"]
[SourceDate "2023.10.10"]
[SourceVersion "1"]
[SourceVersionDate "2023.10.10"]
[SourceQuality "1"]
[WhiteTeam "Surbiton"]
[BlackTeam "Anglian Avengers"]
[WhiteTeamCountry "ENG"]
[BlackTeamCountry "ENG"]

1. c4 e5 2. e3 Nc6 3. a3 a5 4. b3 Nf6 5. Bb2 Bc5 6. d3 0-0 7. Nf3 Re8 8. Be2 d5 9. 0-0 d4 10. e4 g6 11. Ne1 Qe7 12. Bc1 Nd8 13. f4 Nxe4 14. dxe4 d3+ 15. Kh1 dxe2 16. Qxe2 exf4 17. Bb2 Qxe4 18. Qxe4 Rxe4 19. Nc3 Bd4 20. Nxe4 Bxb2 21. Ra2 Bg7 22. Rxf4 Bf5 23. Rxf5 gxf5 24. Ng3 f4 25. Nf5 Ne6 26. Nxg7 Kxg7 27. Kg1 Nc5 28. Rb2 Re8 0-1

[Event "Olympiad-44"]
[Site "Chennai"]
[Date "2022.08.09"]
[Round "11.2"]
[White "Mohamed, Ali Dima"]
[Black "Faulks, Nick"]
[Result "0-1"]
[WhiteElo "1582"]
[BlackElo "1820"]
[PlyCount "100"]
[EventDate "2022.07.29"]
[EventType "team-swiss"]
[EventRounds "11"]
[EventCountry "IND"]
[SourceTitle "CBM 210"]
[Source "ChessBase"]
[SourceDate "2022.10.31"]
[SourceVersion "1"]
[SourceVersionDate "2022.10.31"]
[SourceQuality "1"]
[WhiteTeam "Djibouti"]
[BlackTeam "Bermuda"]
[WhiteTeamCountry "DJI"]
[BlackTeamCountry "BER"]

1. e4 c5 2. Nf3 e6 3. c3 d5 4. exd5 Qxd5 5. Bb5+ Bd7 6. Bxd7+ Qxd7 7. 0-0 Nc6 8. d4 cxd4 9. cxd4 Nf6 10. Nc3 Be7 11. Ne5 Qxd4 12. Nxc6 Qxd1 13. Rxd1 bxc6 14. Bf4 Nd5 15. Be5 0-0 16. Rac1 Bg5 17. Nxd5 cxd5 18. f4 Bd8 19. Rc6 Bb6+ 20. Kf1 Rfc8 21. Rdc1 Rxc6 22. Rxc6 f6 23. Bc3 Kf7 24. a4 Re8 25. a5 Be3 26. g3 Kg6 27. Ke2 d4 28. Be1 e5 29. fxe5 Rxe5 30. Kd3 Bg1 31. Bd2 Re7 32. b4 Bxh2 33. Bf4 h5 34. Rc7 Re1 35. Rxa7 h4 36. b5 Bxg3 37. Bd2 Rb1 38. Ra8 Rxb5 39. a6 Rb8 40. Rxb8 Bxb8 41. Kxd4 Kf5 42. Ke3 g5 43. Kf3 g4+ 44. Kf2 Ke4 45. Bb4 Ba7+ 46. Kg2 f5 47. Be1 g3 48. Kh3 Kf3 49. Kxh4 g2 50. Bf2 Kxf2 0-1

[Event "Olympiad-44"]
[Site "Chennai"]
[Date "2022.08.01"]
[Round "4.2"]
[White "Rongwane, Gomolemo"]
[Black "Faulks, Nick"]
[Result "1-0"]
[WhiteElo "2033"]
[BlackElo "1820"]
[PlyCount "65"]
[EventDate "2022.07.29"]
[EventType "team-swiss"]
[EventRounds "11"]
[EventCountry "IND"]
[SourceTitle "CBM 210"]
[Source "ChessBase"]
[SourceDate "2022.10.31"]
[SourceVersion "1"]
[SourceVersionDate "2022.10.31"]
[SourceQuality "1"]
[WhiteTeam "Botswana"]
[BlackTeam "Bermuda"]
[WhiteTeamCountry "BOT"]
[BlackTeamCountry "BER"]

1. d4 Nf6 2. Nf3 c5 3. e3 g6 4. Bd3 Bg7 5. 0-0 0-0 6. c3 b6 7. Qe2 Bb7 8. e4 d6 9. Rd1 cxd4 10. cxd4 Nc6 11. Nc3 Nd7 12. Be3 e6 13. a3 Qe7 14. Rac1 a6 15. b4 b5 16. Bb1 Rac8 17. Bg5 Bf6 18. Bh6 Bg7 19. Qe3 Rfd8 20. Ba2 Nf8 21. Bxg7 Kxg7 22. h4 Qf6 23. Ne2 Ne7 24. Ng3 Ng8 25. Ng5 Nh6 26. e5 Qe7 27. Qf4 Bd5 28. Rxc8 Rxc8 29. Bxd5 exd5 30. exd6 Qd7 31. Re1 Rc6 32. Nxf7 Ne6 33. Qxh6+ 1-0

[Event "BCF-chT3Sa 1920 (4NCL)"]
[Site "England"]
[Date "2020.02.08"]
[Round "5.44"]
[White "Faulks, Nick"]
[Black "Garnett, John S"]
[Result "0-1"]
[WhiteElo "1900"]
[BlackElo "1967"]
[PlyCount "42"]
[EventDate "2019.11.09"]
[EventType "team-tourn"]
[EventRounds "11"]
[EventCountry "ENG"]
[SourceTitle "EXT 2023"]
[Source "ChessBase"]
[SourceDate "2022.10.05"]
[SourceVersion "1"]
[SourceVersionDate "2022.10.05"]
[SourceQuality "1"]
[WhiteTeam "Surbiton"]
[BlackTeam "Ashfield"]
[WhiteTeamCountry "ENG"]
[BlackTeamCountry "ENG"]

1. e4 d5 2. exd5 Nf6 3. c4 c6 4. Qa4 Bd7 5. Qb3 cxd5 6. cxd5 Qc7 7. Nc3 e6 8. Nf3 exd5 9. Nxd5 Nxd5 10. Qxd5 Be6 11. Bb5+ Nc6 12. Bxc6+ bxc6 13. Qe4 Be7 14. 0-0 0-0 15. d4 Bd5 16. Qg4 Bf6 17. Be3 Qb7 18. b3 Rfe8 19. Ne5 Re6 20. f4 Bxe5 21. f5 Bxh2+ 0-1

[Event "Hastings Masters op 95th"]
[Site "Hastings"]
[Date "2020.01.04"]
[Round "8"]
[White "Brouwer, Willem"]
[Black "Faulks, Nick"]
[Result "0-1"]
[WhiteElo "1662"]
[BlackElo "1900"]
[PlyCount "108"]
[EventDate "2019.12.28"]
[EventType "swiss"]
[EventRounds "9"]
[EventCountry "ENG"]
[SourceTitle "CBM 194 Extra"]
[Source "ChessBase"]
[SourceDate "2020.03.31"]
[SourceVersion "1"]
[SourceVersionDate "2020.03.31"]
[SourceQuality "1"]

1. Nf3 c5 2. c4 Nf6 3. g3 d5 4. e3 Nc6 5. b3 e5 6. cxd5 Nxd5 7. d3 Bg4 8. h3 Bh5 9. Be2 Ndb4 10. g4 Bg6 11. e4 Nd4 12. 0-0 Nxf3+ 13. Bxf3 Qd4 14. Qd2 Nxd3 15. Nc3 Nb4 16. Qb2 Qd8 17. Rd1 Qf6 18. Kg2 Rd8 19. Be3 Be7 20. Rxd8+ Bxd8 21. Be2 0-0 22. Bxc5 Be7 23. Bxe7 Qxe7 24. Bc4 Rd8 25. f3 Qg5 26. Rd1 Rxd1 27. Nxd1 h5 28. Qf2 Qc1 29. Nb2 Nc6 30. Nd3 Qa1 31. Qb2 Qxb2+ 32. Nxb2 Kf8 33. Nd3 Ke7 34. g5 f6 35. gxf6+ gxf6 36. h4 Kd6 37. Bd5 a5 38. f4 Nb4 39. fxe5+ fxe5 40. Nxb4 axb4 41. Bxb7 Kc5 42. Bd5 Kd4 43. Kf3 Kd3 44. Bc4+ Kc3 45. Ke3 Kb2 46. Bd5 Kxa2 47. Kd2 Kb2 48. Kd3 Be8 49. Bc4 Bd7 50. Bd5 Bb5+ 51. Bc4 Bxc4+ 52. bxc4 Ka2 53. c5 b3 54. c6 b2 0-1

[Event "BCF-chT3Sb 1819 (4NCL)"]
[Site "England"]
[Date "2019.01.12"]
[Round "3.75"]
[White "Compton, Alistair"]
[Black "Faulks, Nick"]
[Result "0-1"]
[WhiteElo "2049"]
[BlackElo "1917"]
[PlyCount "80"]
[EventDate "2018.11.17"]
[EventType "team-tourn"]
[EventRounds "7"]
[EventCountry "ENG"]
[SourceTitle "EXT 2021"]
[Source "ChessBase"]
[SourceDate "2020.10.23"]
[SourceVersion "1"]
[SourceVersionDate "2020.10.23"]
[SourceQuality "1"]
[WhiteTeam "The Rookies"]
[BlackTeam "Surbiton"]
[WhiteTeamCountry "ENG"]
[BlackTeamCountry "ENG"]

1. e4 c5 2. c3 d5 3. exd5 Qxd5 4. d4 Nc6 5. Nf3 Bg4 6. Be2 cxd4 7. cxd4 e6 8. Nc3 Qa5 9. 0-0 Nf6 10. h3 Bh5 11. Be3 Bd6 12. a3 0-0 13. b4 Qd8 14. Qb3 h6 15. Rad1 Ne7 16. g4 Bg6 17. Ne5 Bh7 18. Bf3 a5 19. b5 a4 20. Nxa4 Ned5 21. Nc5 Qe7 22. a4 b6 23. Ncd3 Ne4 24. Rfe1 Rac8 25. Rc1 Nxe3 26. Rxe3 Nd2 27. Qd1 Nxf3+ 28. Qxf3 Rxc1+ 29. Nxc1 Bxe5 30. dxe5 Qb4 31. Qc6 Qxa4 32. Qxb6 Qd1+ 33. Kh2 Qxc1 34. Qd6 Qc2 35. Kg3 Qc8 36. f3 Qb8 37. Rc3 Qxb5 38. Rc7 Bg6 39. h4 h5 40. g5 Qb8 0-1

[Event "Hastings Masters op 94th"]
[Site "Hastings"]
[Date "2019.01.05"]
[Round "9"]
[White "Faulks, Nick"]
[Black "Eames, Robert"]
[Result "0-1"]
[WhiteElo "1917"]
[BlackElo "2157"]
[PlyCount "80"]
[EventDate "2018.12.28"]
[EventType "swiss"]
[EventRounds "10"]
[EventCountry "ENG"]
[SourceTitle "CBM 188 Extra"]
[Source "ChessBase"]
[SourceDate "2019.02.26"]
[SourceVersion "1"]
[SourceVersionDate "2019.02.26"]
[SourceQuality "1"]

1. e4 c5 2. Nf3 e6 3. d4 cxd4 4. Nxd4 Nc6 5. Nb5 d6 6. c4 Nf6 7. N1c3 a6 8. Na3 Be7 9. Be2 0-0 10. 0-0 b6 11. Be3 Bb7 12. f3 Ne5 13. Qe1 Qc7 14. Qf2 Ned7 15. Rac1 Rac8 16. Rfd1 Rfe8 17. Kh1 Qb8 18. Bf1 Bd8 19. b4 Bc7 20. Qh4 d5 21. exd5 exd5 22. Bg1 Bf4 23. Rc2 g5 24. Qf2 Be3 25. Qg3 Qxg3 26. hxg3 d4 27. Nd5 Bxd5 28. cxd5 Nxd5 29. Bxa6 Rcd8 30. Bb5 Re6 31. Bxe3 Nxe3 32. Rxd4 Nxc2 33. Nxc2 Rc8 34. Bd3 Ne5 35. Be4 Rc3 36. Rd5 g4 37. Kg1 gxf3 38. Rd8+ Kg7 39. Nd4 f2+ 40. Kf1 Ng4 0-1

[Event "BCF-chT4S 1718 (4NCL)"]
[Site "England"]
[Date "2018.03.24"]
[Round "7.43"]
[White "Tomboline, David"]
[Black "Faulks, Nick"]
[Result "0-1"]
[WhiteElo "1951"]
[BlackElo "1920"]
[PlyCount "48"]
[EventDate "2017.11.11"]
[EventType "team-swiss"]
[EventRounds "11"]
[EventCountry "ENG"]
[SourceTitle "EXT 2020"]
[Source "ChessBase"]
[SourceDate "2019.10.17"]
[SourceVersion "1"]
[SourceVersionDate "2019.10.17"]
[SourceQuality "1"]
[WhiteTeam "Brown Jack II"]
[BlackTeam "Surbiton"]
[WhiteTeamCountry "ENG"]
[BlackTeamCountry "ENG"]

1. d4 Nf6 2. Nf3 c5 3. c3 Qb6 4. dxc5 Qxc5 5. Be3 Qc7 6. h3 g6 7. g3 Bg7 8. Bg2 0-0 9. 0-0 Nc6 10. Na3 d5 11. Qc1 Bd7 12. Bh6 e5 13. Bxg7 Kxg7 14. Rd1 a6 15. c4 d4 16. e3 Rae8 17. exd4 e4 18. Ne5 Nxe5 19. dxe5 Rxe5 20. Qe3 Rh5 21. g4 Re5 22. g5 Nh5 23. Rd5 Bc6 24. Rd2 Qe7 0-1

[Event "BCF-chT4S 1718 (4NCL)"]
[Site "England"]
[Date "2018.02.10"]
[Round "5.55"]
[White "Davies, Merlin"]
[Black "Faulks, Nick"]
[Result "0-1"]
[WhiteElo "1502"]
[BlackElo "1920"]
[PlyCount "100"]
[EventDate "2017.11.11"]
[EventType "team-swiss"]
[EventRounds "11"]
[EventCountry "ENG"]
[SourceTitle "EXT 2020"]
[Source "ChessBase"]
[SourceDate "2019.10.17"]
[SourceVersion "1"]
[SourceVersionDate "2019.10.17"]
[SourceQuality "1"]
[WhiteTeam "West is Best IV"]
[BlackTeam "Surbiton"]
[WhiteTeamCountry "WLS"]
[BlackTeamCountry "ENG"]

1. e4 c5 2. Nf3 e6 3. Nc3 a6 4. d4 cxd4 5. Nxd4 Qc7 6. Bd3 Bc5 7. Nde2 Nc6 8. Bf4 d6 9. a3 Nf6 10. h3 0-0 11. 0-0 Ne5 12. b4 Ba7 13. a4 Ng6 14. Bh2 e5 15. a5 Bd7 16. b5 axb5 17. Bxb5 Nxe4 18. Bxd7 Nxc3 19. Nxc3 Qxd7 20. Nd5 Qc6 21. h4 Bd4 22. c3 Qxd5 23. cxd4 Nxh4 24. Qg4 Ng6 25. dxe5 dxe5 26. Rfd1 Qc5 27. Rdc1 Qd4 28. Qxd4 exd4 29. Rc7 Rfc8 30. Rxc8+ Rxc8 31. Rb1 d3 32. Kf1 f6 33. f3 Ne5 34. Bxe5 fxe5 35. Ke1 Rc5 36. Rxb7 Rxa5 37. Kd2 Rd5 38. Rb3 Kf7 39. Rxd3 Ke6 40. Rxd5 Kxd5 41. Ke3 h5 42. g3 g5 43. Ke2 Kd4 44. Kd2 h4 45. gxh4 gxh4 46. Ke2 h3 47. Kf2 h2 48. Kg2 Ke3 49. Kxh2 Kxf3 50. Kg1 Ke2 0-1